Normal view MARC view
  • keppel-Jones, Arthur

Entry Personal Name

Number of records used in: 1

001 - CONTROL NUMBER

  • control field: 108667

003 - CONTROL NUMBER IDENTIFIER

  • control field: NUST

005 - DATE AND TIME OF LATEST TRANSACTION

  • control field: 20230206124457.0

008 - FIXED-LENGTH DATA ELEMENTS

  • fixed length control field: 230206|| aca||aabn | a|a d

040 ## - CATALOGING SOURCE

  • Original cataloging agency: NUST
  • Transcribing agency: NUST

100 ## - HEADING--PERSONAL NAME

  • Personal name: keppel-Jones, Arthur

670 ## - SOURCE DATA FOUND

  • Source citation: Work cat.: (NUST)187514: keppel-Jones, Arthur, South Africa :
© 2023 Central Library, National University of Sciences and Technology. All Rights Reserved.